| 000 | 00679nam a2200229Ia 4500 | ||
|---|---|---|---|
| 003 | OSt | ||
| 005 | 20220926022826.0 | ||
| 006 | a|||||r|||| 00| 0 | ||
| 007 | ta | ||
| 008 | 220923b |||||||| |||| 00| 0 eng d | ||
| 037 | _cGeneral Book | ||
| 040 |
_aRTL _cRTL _beng |
||
| 041 |
_2eng _aeng |
||
| 082 | _aY73(Q5):44.4653, K3/TD | ||
| 100 |
_aArendt Hannah _932091 |
||
| 245 | 0 |
_aEichmann in jerusalem _b A report on the banality of evil |
|
| 260 |
_aNew York _bViking Press _c1963 |
||
| 300 |
_av,312p. _ccm. |
||
| 500 | _aBibliography: P.299-303 | ||
| 942 |
_hY73(Q5):44.4653, K3/TD _cGB _2CC |
||
| 999 |
_c640338 _d640338 |
||